| 000 | 00986nam a2200301Ia 4500 | ||
|---|---|---|---|
| 001 | 60817 | ||
| 003 | IT-RoPAU | ||
| 008 | 130308s9999 xx 000 0 und d | ||
| 040 | _aIT-RoPAU | ||
| 040 | _cIT-RoPAU | ||
| 041 | _aITALIANO | ||
| 100 | _aSchenda Rudolf | ||
| 100 | _gCodice Aut. SPICS: 15267 | ||
| 245 | _aLeggere ad alta voce-Fra analfabetismo e sapere libresco | ||
| 245 | _bOralita' e Scrittura-Le letterature popolari Europee | ||
| 250 | _a1a ed. | ||
| 260 | _aBRESCIA | ||
| 260 | _bGrafo Edizioni | ||
| 260 | _c1987 [1° Ed.:1987 - Ed.Ling.Originale:1987] | ||
| 300 | _a"10 p. (prefazione: no ; testo: 10 [pagine: 5-10])" | ||
| 500 | _aAspetti Sociali e Culturali di una Forma di Comunicazione Semiletteraria Sociologia della Lettura Ad Alta voce Significato della Lettura Ad Alta voce nel Processo Culturale | ||
| 650 | _aSAGGI DI LINGUISTICA | ||
| 650 | _eCodice materia Spics: 3207 | ||
| 942 | _cBK | ||
| 957 | _71 | ||
| 999 |
_c38245 _d38245 |
||
| 999 | _bSI | ||
| 999 | _g1 | ||